[Event "GBR-ch 109th"]
[Site "Leicester"]
[Date "2023.07.28"]
[Round "7"]
[White "Yao, Lan"]
[Black "Bates, Richard"]
[Result "1/2-1/2"]
[WhiteElo "2242"]
[BlackElo "2324"]
[PlyCount "131"]
[EventDate "2023.07.22"]
[EventType "swiss"]
[EventRounds "9"]
[EventCountry "ENG"]
[SourceTitle "CBM 215 Extra"]
[Source "ChessBase"]
[SourceDate "2023.09.30"]
[SourceVersion "1"]
[SourceVersionDate "2023.09.30"]
[SourceQuality "1"]

1. e4 c5 2. Nf3 d6 3. d4 cxd4 4. Nxd4 Nf6 5. Nc3 a6 6. Bg5 e6 7. f4 Qc7 8. Bxf6 gxf6 9. Qd2 b5 10. 0-0-0 Nd7 11. Bd3 Nc5 12. Kb1 b4 13. Nce2 Rb8 14. Ng3 Be7 15. f5 e5 16. Nb3 h5 17. Nxc5 Qxc5 18. h4 a5 19. Qe2 Bd7 20. Nxh5 a4 21. g4 a3 22. Bc4 axb2 23. Rd5 Qa7 24. Rhd1 Rc8 25. Qd3 Qc7 26. Bb5 Bxb5 27. Rxb5 Qc3 28. Rb7 Qxd3 29. Rxd3 Rg8 30. Rg3 Bd8 31. Kxb2 Rc4 32. Rb8 Ke7 33. g5 fxg5 34. hxg5 Rh8 35. Nf6 Rh2 36. Nd5+ Kd7 37. Ne3 Rc3 38. Rxb4 Rhxc2+ 39. Nxc2 Rxg3 40. Rb7+ Kc6 41. Rxf7 Bxg5 42. Rf8 Bd2 43. Rc8+ Kd7 44. Rc4 d5 45. exd5 Rf3 46. Na3 Rxf5 47. Rc2 Be3 48. Kc3 Bc5 49. Nb5 Rf4 50. Rh2 Ra4 51. Rh7+ Kd8 52. Nc7 Bd6 53. Ne6+ Kc8 54. Rh2 Kd7 55. Rg2 Kc8 56. Rb2 Kd7 57. Rb7+ Kc8 58. Rb6 Kd7 59. Kb3 Ra3+ 60. Kc4 Rxa2 61. Rb7+ Kc8 62. Rh7 Rb2 63. Rh8+ Kd7 64. Rh7+ Kc8 65. Rh8+ Kd7 66. Rh7+ 1/2-1/2

[Event "GBR-ch 109th"]
[Site "Leicester"]
[Date "2023.07.26"]
[Round "5"]
[White "Mihalik, Agoston"]
[Black "Bates, Richard"]
[Result "0-1"]
[WhiteElo "2136"]
[BlackElo "2324"]
[PlyCount "144"]
[EventDate "2023.07.22"]
[EventType "swiss"]
[EventRounds "9"]
[EventCountry "ENG"]
[SourceTitle "CBM 215 Extra"]
[Source "ChessBase"]
[SourceDate "2023.09.30"]
[SourceVersion "1"]
[SourceVersionDate "2023.09.30"]
[SourceQuality "1"]

1. e4 c5 2. Nf3 d6 3. Bb5+ Bd7 4. Bxd7+ Nxd7 5. 0-0 Ngf6 6. Qe2 e6 7. c4 Ne5 8. b3 Be7 9. Bb2 Nxf3+ 10. Qxf3 0-0 11. d4 cxd4 12. Bxd4 Qa5 13. Bc3 Qc5 14. Rd1 Rac8 15. Bd4 Qa5 16. Bc3 Qc7 17. Nd2 a6 18. Rac1 Rfd8 19. Qe2 Qc5 20. a4 Qg5 21. g3 Qg4 22. Qxg4 Nxg4 23. Nf3 Nf6 24. Re1 Nd7 25. a5 Nc5 26. Rb1 Bf8 27. e5 d5 28. Nd2 dxc4 29. Nxc4 Nxb3 30. Rxb3 Rxc4 31. Reb1 Rd3 32. Be1 Rxb3 33. Rxb3 Rc7 34. Kg2 h5 35. h3 Kh7 36. g4 hxg4 37. hxg4 g5 38. Kg3 Bg7 39. f4 gxf4+ 40. Kxf4 Kg6 41. Bc3 Rc4+ 42. Kf3 Ra4 43. Kg3 Re4 44. Kf3 Rc4 45. Ra3 Bh6 46. Rb3 Rf4+ 47. Kg3 Re4 48. Bb2 Bd2 49. Rxb7 Bxa5 50. Ra7 Rb4 51. Bc1 Rb6 52. Kf3 Bc3 53. Bf4 a5 54. Ra8 Rb5 55. Ke4 Rb4+ 56. Kf3 Rb1 57. Rg8+ Kh7 58. Rc8 Rf1+ 59. Ke4 Re1+ 60. Kf3 Bxe5 61. Bd2 Rf1+ 62. Ke4 Bd6 63. Bxa5 Rf4+ 64. Kd3 Rxg4 65. Bc3 Kg6 66. Rd8 Be7 67. Re8 Bg5 68. Rg8+ Kf5 69. Rf8 f6 70. Ke2 Rg2+ 71. Kf3 Ra2 72. Bb4 e5 0-1

[Event "BCF-chT 2223 (4NCL)"]
[Site "England"]
[Date "2023.04.30"]
[Round "10.4"]
[White "Bates, Richard"]
[Black "Gallagher, Daniel GH"]
[Result "1-0"]
[WhiteElo "2346"]
[BlackElo "2214"]
[PlyCount "89"]
[EventDate "2022.10.22"]
[EventType "team-swiss"]
[EventRounds "11"]
[EventCountry "ENG"]
[SourceTitle "EXT 2024"]
[Source "ChessBase"]
[SourceDate "2023.10.10"]
[SourceVersion "1"]
[SourceVersionDate "2023.10.10"]
[SourceQuality "1"]
[WhiteTeam "Blackthorne Russia"]
[BlackTeam "Cambridge University"]
[WhiteTeamCountry "ENG"]
[BlackTeamCountry "ENG"]

1. d4 Nf6 2. Nf3 g6 3. g3 Bg7 4. Bg2 0-0 5. 0-0 d6 6. c4 Bf5 7. h3 c5 8. Nc3 Ne4 9. Nd5 Nc6 10. e3 Bd7 11. b3 e6 12. Nf4 e5 13. dxe5 Nxe5 14. Nxe5 Bxe5 15. Bxe4 Bxa1 16. Qxd6 Bc6 17. Qxd8 Rfxd8 18. Nd5 Bxd5 19. Bxd5 Rab8 20. Ba3 Bf6 21. Bxc5 b6 22. Bb4 a5 23. Bd2 a4 24. bxa4 Rd7 25. Rb1 Be5 26. Bb4 Ra7 27. Bc6 Rc8 28. Bb5 Rd8 29. Kf1 f6 30. Ke2 Bd6 31. Rd1 Be7 32. Rxd8+ Bxd8 33. c5 bxc5 34. Bxc5 Rc7 35. Bb6 Rc8 36. Bxd8 Rxd8 37. a5 Kf8 38. Bc6 Ke7 39. a6 Kd6 40. Bf3 Rd7 41. a4 f5 42. h4 h6 43. a5 g5 44. h5 g4 45. Bg2 1-0

[Event "BCF-chT 2223 (4NCL)"]
[Site "England"]
[Date "2023.04.29"]
[Round "9.4"]
[White "Townsend, M Paul"]
[Black "Bates, Richard"]
[Result "1/2-1/2"]
[WhiteElo "2145"]
[BlackElo "2346"]
[PlyCount "42"]
[EventDate "2022.10.22"]
[EventType "team-swiss"]
[EventRounds "11"]
[EventCountry "ENG"]
[SourceTitle "EXT 2024"]
[Source "ChessBase"]
[SourceDate "2023.10.10"]
[SourceVersion "1"]
[SourceVersionDate "2023.10.10"]
[SourceQuality "1"]
[WhiteTeam "Chessable White Rose II"]
[BlackTeam "Blackthorne Russia"]
[WhiteTeamCountry "ENG"]
[BlackTeamCountry "ENG"]

1. Nf3 Nf6 2. c4 g6 3. Nc3 Bg7 4. e4 d6 5. d4 0-0 6. Be2 e5 7. 0-0 Na6 8. Be3 Qe8 9. dxe5 dxe5 10. a3 Ng4 11. Bc1 f5 12. exf5 gxf5 13. Nh4 Nf6 14. Qc2 e4 15. f3 Qe5 16. Kh1 Bd7 17. g3 Rae8 18. Bf4 Qe7 19. Bg5 Qe5 20. Bf4 Qe7 21. Bg5 Qe5 1/2-1/2

[Event "BCF-chT 2122 (4NCL)"]
[Site "England"]
[Date "2022.06.25"]
[Round "10.93"]
[White "Mason, Donald"]
[Black "Bates, Richard"]
[Result "1/2-1/2"]
[WhiteElo "2082"]
[BlackElo "2369"]
[PlyCount "34"]
[EventDate "2021.11.27"]
[EventType "team-swiss"]
[EventRounds "11"]
[EventCountry "ENG"]
[SourceTitle "EXT 2023"]
[Source "ChessBase"]
[SourceDate "2022.10.05"]
[SourceVersion "1"]
[SourceVersionDate "2022.10.05"]
[SourceQuality "1"]
[WhiteTeam "Warwicks Select"]
[BlackTeam "Blackthorne Russia"]
[WhiteTeamCountry "ENG"]
[BlackTeamCountry "ENG"]

1. e4 c5 2. Nf3 d6 3. d4 cxd4 4. Nxd4 Nf6 5. Nc3 a6 6. Bg5 Nc6 7. Qd2 e6 8. 0-0-0 Bd7 9. f3 Be7 10. h4 b5 11. Kb1 Rb8 12. Nxc6 Bxc6 13. Bxf6 gxf6 14. Ne2 d5 15. Nd4 Ba8 16. Bd3 Bc5 17. Nb3 Bb6 1/2-1/2

[Event "Hammersmith CC op"]
[Site "London"]
[Date "2022.06.04"]
[Round "3"]
[White "Bates, Richard"]
[Black "Browning, Alex"]
[Result "1-0"]
[WhiteElo "2397"]
[BlackElo "2239"]
[PlyCount "89"]
[EventDate "2022.06.04"]
[EventType "swiss"]
[EventRounds "6"]
[EventCountry "ENG"]
[SourceTitle "CBM 208 Extra"]
[Source "ChessBase"]
[SourceDate "2022.07.31"]
[SourceVersion "1"]
[SourceVersionDate "2022.07.31"]
[SourceQuality "1"]

1. d4 Nf6 2. Nf3 g6 3. g3 Bg7 4. c4 0-0 5. Bg2 c5 6. 0-0 cxd4 7. Nxd4 d5 8. cxd5 Nxd5 9. Nc3 Nb6 10. Ndb5 Nc6 11. Bf4 Bf5 12. Qc1 Nd7 13. Rd1 a6 14. Na3 Rc8 15. Bh6 b5 16. Nd5 Qa5 17. Bxg7 Kxg7 18. b4 Qa4 19. Ne3 Nde5 20. Nxf5+ gxf5 21. Nc2 e6 22. Bxc6 Rxc6 23. Qg5+ Ng6 24. Nd4 Rc4 25. a3 Rc3 26. Qd2 Rfc8 27. h4 h6 28. h5 Ne7 29. Rdc1 R3c4 30. Qb2 Kg8 31. Kg2 a5 32. Rcb1 e5 33. Nf3 f6 34. Qd2 f4 35. bxa5 Rc2 36. Qd7 Kf7 37. Rb4 Qxa5 38. gxf4 exf4 39. Re4 Re8 40. Qe6+ Kg7 41. Rxf4 Rc6 42. Rg4+ Kh8 43. Qf7 Rg8 44. Rxg8+ Nxg8 45. Nh4 1-0

[Event "Hammersmith CC op"]
[Site "London"]
[Date "2022.06.04"]
[Round "2"]
[White "Georgiev, Ivan Georgiev"]
[Black "Bates, Richard"]
[Result "0-1"]
[WhiteElo "2010"]
[BlackElo "2397"]
[PlyCount "66"]
[EventDate "2022.06.04"]
[EventType "swiss"]
[EventRounds "6"]
[EventCountry "ENG"]
[SourceTitle "CBM 208 Extra"]
[Source "ChessBase"]
[SourceDate "2022.07.31"]
[SourceVersion "1"]
[SourceVersionDate "2022.07.31"]
[SourceQuality "1"]

1. e4 c5 2. Nf3 d6 3. d4 cxd4 4. Nxd4 Nf6 5. Nc3 a6 6. Bg5 Nc6 7. Qd2 e6 8. 0-0-0 Bd7 9. Be2 Be7 10. h4 b5 11. Rdf1 b4 12. Nd1 Nxe4 13. Qe3 Nxg5 14. hxg5 Bxg5 15. f4 Bf6 16. Nf5 Qc7 17. g4 Ne7 18. Ng3 Rc8 19. Bd3 g6 20. f5 Nd5 21. Qh6 Bb5 22. Bxb5+ axb5 23. Rf2 Be5 24. Qh4 Qe7 25. g5 Rc4 26. Ne4 exf5 27. Nxd6+ Bxd6 28. Qh3 Re4 29. Qd3 Nc7 30. Rg2 Bc5 31. Qf3 Ne6 32. Qd3 Qd7 33. Qh3 Nf4 0-1

[Event "Southend Easter op 64th"]
[Site "Southend"]
[Date "2022.04.17"]
[Round "5"]
[White "Bates, Richard"]
[Black "Spence, David"]
[Result "1-0"]
[WhiteElo "2356"]
[BlackElo "2146"]
[PlyCount "117"]
[EventDate "2022.04.15"]
[EventType "swiss"]
[EventRounds "7"]
[EventCountry "ENG"]
[SourceTitle "CBM 207 Extra"]
[Source "ChessBase"]
[SourceDate "2022.05.31"]
[SourceVersion "1"]
[SourceVersionDate "2022.05.31"]
[SourceQuality "1"]

1. d4 e6 2. Nf3 Nf6 3. c4 b6 4. g3 Ba6 5. b3 Bb7 6. Bg2 Bb4+ 7. Bd2 a5 8. 0-0 0-0 9. Nc3 d6 10. Qc2 Nbd7 11. Rad1 Qb8 12. d5 Bxc3 13. Bxc3 exd5 14. cxd5 Bxd5 15. Rxd5 Nxd5 16. Ng5 N5f6 17. Bc6 h6 18. Bxd7 hxg5 19. Bc6 Qd8 20. Bxa8 Qxa8 21. Bxf6 gxf6 22. Qxc7 Qd5 23. Qc2 Re8 24. Rd1 Qe6 25. e3 Rc8 26. Qd3 Kg7 27. Qxd6 Qh3 28. Qxb6 Rh8 29. Qc6 Qxh2+ 30. Kf1 Qh3+ 31. Ke2 Rc8 32. Qe4 Qh5+ 33. g4 Qh2 34. Rh1 Rc2+ 35. Qxc2 Qxh1 36. Qc5 Qg2 37. Qc4 Qg1 38. b4 axb4 39. Qxb4 Qc1 40. a4 Qc2+ 41. Kf1 Qd1+ 42. Kg2 Qd5+ 43. Kg3 Qe5+ 44. Kf3 Qd5+ 45. Ke2 Qa2+ 46. Kf1 Qa1+ 47. Kg2 Qd1 48. a5 Qd5+ 49. Kg3 Qh1 50. a6 Qg1+ 51. Kf3 Qd1+ 52. Kg2 Qd5+ 53. Kg3 Qe5+ 54. Kf3 Qd5+ 55. Qe4 Qd1+ 56. Kg2 Qd7 57. Qc4 Kg6 58. Qe4+ Kg7 59. Kh3 1-0

[Event "ECF Charity Marathon UKR"]
[Site "Chess.com INT"]
[Date "2022.04.03"]
[Round "?"]
[White "Arkell, Keith C"]
[Black "Bates, Richard"]
[Result "1/2-1/2"]
[WhiteElo "2383"]
[BlackElo "2356"]
[PlyCount "98"]
[EventDate "2022.04.02"]
[EventType "swiss (blitz)"]
[EventRounds "74"]
[EventCountry "USA"]
[SourceTitle "CBM 207 Extra"]
[Source "ChessBase"]
[SourceDate "2022.05.31"]
[SourceVersion "1"]
[SourceVersionDate "2022.05.31"]
[SourceQuality "1"]

1. d4 Nf6 2. Nf3 b6 3. g3 Bb7 4. Bg2 c5 5. 0-0 cxd4 6. Nxd4 Bxg2 7. Kxg2 Nc6 8. Nxc6 dxc6 9. Qxd8+ Rxd8 10. c4 e6 11. h3 Bc5 12. Bg5 0-0 13. Nc3 Bd4 14. Rac1 h6 15. Bxf6 Bxf6 16. Rfd1 Bxc3 17. bxc3 c5 18. a4 f6 19. a5 Kf7 20. axb6 axb6 21. Rb1 Rxd1 22. Rxd1 Ke7 23. Ra1 Rd8 24. Ra6 Rd6 25. g4 g6 26. h4 h5 27. gxh5 gxh5 28. f4 f5 29. Kf3 Kf6 30. Ra8 Rd2 31. Ke3 Rc2 32. Kd3 Rc1 33. Rb8 Rh1 34. Rxb6 Rxh4 35. e3 Rh2 36. Rb8 h4 37. Rg8 h3 38. Rg3 e5 39. fxe5+ Kxe5 40. Rg6 Rg2 41. Rc6 h2 42. Rh6 Rf2 43. e4 f4 44. Rh5+ Kf6 45. e5+ Kg6 46. Rh8 Kf5 47. Rh5+ Kg6 48. Rh8 Kf5 49. Rh5+ Kg6 1/2-1/2

[Event "ECF Charity Marathon UKR"]
[Site "Chess.com INT"]
[Date "2022.04.03"]
[Round "?"]
[White "Baker, Chris W"]
[Black "Bates, Richard"]
[Result "1-0"]
[WhiteElo "2272"]
[BlackElo "2356"]
[PlyCount "79"]
[EventDate "2022.04.02"]
[EventType "swiss (blitz)"]
[EventRounds "74"]
[EventCountry "USA"]
[SourceTitle "CBM 207 Extra"]
[Source "ChessBase"]
[SourceDate "2022.05.31"]
[SourceVersion "1"]
[SourceVersionDate "2022.05.31"]
[SourceQuality "1"]

1. d4 Nf6 2. Nf3 g6 3. c3 Bg7 4. Bf4 d6 5. h3 0-0 6. Nbd2 Nfd7 7. e3 e5 8. Bh2 f5 9. dxe5 dxe5 10. Bc4+ Kh8 11. 0-0 Nc6 12. Bd5 e4 13. Bxc6 bxc6 14. Nd4 Qf6 15. Re1 c5 16. Nb5 Rb8 17. a4 a6 18. Nxc7 Rxb2 19. Nd5 Qf7 20. Nc4 Rb7 21. Nd6 Qe6 22. Nxb7 Bxb7 23. c4 Ne5 24. Qb3 Bc6 25. Rad1 Nd3 26. Nf4 Nxf4 27. Bxf4 h6 28. Rd6 Qe8 29. Qb6 Bxa4 30. Rxg6 Kh7 31. Rxg7+ Kxg7 32. Bxh6+ Kh7 33. Bxf8 Qxf8 34. Qxa6 Qf6 35. Qxa4 Qa1 36. Qxa1 f4 37. Qf6 Kg8 38. Ra1 Kh7 39. Ra7+ Kg8 40. Qd8# 1-0

[Event "ECF Charity Marathon UKR"]
[Site "Chess.com INT"]
[Date "2022.04.03"]
[Round "?"]
[White "Bates, Richard"]
[Black "Arkell, Keith C"]
[Result "1-0"]
[WhiteElo "2356"]
[BlackElo "2383"]
[PlyCount "65"]
[EventDate "2022.04.02"]
[EventType "swiss (blitz)"]
[EventRounds "74"]
[EventCountry "USA"]
[SourceTitle "CBM 207 Extra"]
[Source "ChessBase"]
[SourceDate "2022.05.31"]
[SourceVersion "1"]
[SourceVersionDate "2022.05.31"]
[SourceQuality "1"]

1. e4 c6 2. d3 d5 3. Bd2 dxe4 4. dxe4 e5 5. Nc3 Bc5 6. Bc4 Nf6 7. Nf3 Nbd7 8. 0-0 0-0 9. Qe2 h6 10. a4 a5 11. Rad1 Qe7 12. Nh4 Nb6 13. Ng6 Qe8 14. Nxf8 Nxc4 15. Qxc4 Bxf8 16. Qe2 b5 17. axb5 cxb5 18. Nd5 Nxd5 19. exd5 b4 20. Rfe1 Bd6 21. f4 f6 22. fxe5 fxe5 23. Bf4 Qg6 24. Bxe5 Bg4 25. Qd3 Bf5 26. Qg3 Bxe5 27. Qxg6 Bxg6 28. Rxe5 Bxc2 29. Rd2 b3 30. d6 Rd8 31. d7 Kf7 32. Rxa5 Ke6 33. Re2+ 1-0

[Event "ECF Charity Marathon UKR"]
[Site "Chess.com INT"]
[Date "2022.04.03"]
[Round "?"]
[White "Bates, Richard"]
[Black "Punnett, Alan Kenneth"]
[Result "1-0"]
[WhiteElo "2356"]
[BlackElo "2033"]
[PlyCount "55"]
[EventDate "2022.04.02"]
[EventType "swiss (blitz)"]
[EventRounds "74"]
[EventCountry "USA"]
[SourceTitle "CBM 207 Extra"]
[Source "ChessBase"]
[SourceDate "2022.05.31"]
[SourceVersion "1"]
[SourceVersionDate "2022.05.31"]
[SourceQuality "1"]

1. d4 d5 2. c4 dxc4 3. e4 c6 4. Bxc4 Nf6 5. Nc3 e6 6. Nf3 Bb4 7. 0-0 h6 8. e5 Nd5 9. Nxd5 cxd5 10. Bd3 Qb6 11. Bd2 Bxd2 12. Qxd2 Bd7 13. Rac1 Nc6 14. Qf4 Nb4 15. Bb1 Bb5 16. Rfe1 Nd3 17. Bxd3 Bxd3 18. Re3 Be4 19. Rec3 0-0 20. b3 a5 21. h4 a4 22. g4 axb3 23. axb3 Ra2 24. h5 Qb4 25. g5 hxg5 26. Nxg5 Qxd4 27. Nxe6 Re8 28. Nxd4 1-0

[Event "ECF Charity Marathon UKR"]
[Site "Chess.com INT"]
[Date "2022.04.02"]
[Round "?"]
[White "Bates, Richard"]
[Black "Brett, Andrew"]
[Result "0-1"]
[WhiteElo "2356"]
[BlackElo "2085"]
[PlyCount "56"]
[EventDate "2022.04.02"]
[EventType "swiss (blitz)"]
[EventRounds "74"]
[EventCountry "USA"]
[SourceTitle "CBM 207 Extra"]
[Source "ChessBase"]
[SourceDate "2022.05.31"]
[SourceVersion "1"]
[SourceVersionDate "2022.05.31"]
[SourceQuality "1"]

1. d4 Nf6 2. Nf3 d5 3. c4 e6 4. Nc3 c6 5. Bg5 h6 6. Bxf6 Qxf6 7. e4 dxe4 8. Nxe4 Bb4+ 9. Nc3 c5 10. Be2 cxd4 11. Nxd4 Nc6 12. Nxc6 Bxc3+ 13. bxc3 Qxc3+ 14. Kf1 bxc6 15. Rc1 Qe5 16. Bf3 Bd7 17. g3 Rd8 18. Kg2 0-0 19. Qa4 Qc7 20. c5 e5 21. Rhd1 f5 22. Rd6 e4 23. Be2 Kh8 24. Rcd1 Bc8 25. Qd4 Rxd6 26. cxd6 Qd7 27. Bc4 Rf6 28. Qxe4 fxe4 0-1

[Event "BCF-chT 2122 (4NCL)"]
[Site "England"]
[Date "2022.02.13"]
[Round "4.72"]
[White "Bates, Richard"]
[Black "Granat, Russell"]
[Result "1-0"]
[WhiteElo "2369"]
[BlackElo "2173"]
[PlyCount "67"]
[EventDate "2021.11.27"]
[EventType "team-swiss"]
[EventRounds "11"]
[EventCountry "ENG"]
[SourceTitle "EXT 2023"]
[Source "ChessBase"]
[SourceDate "2022.10.05"]
[SourceVersion "1"]
[SourceVersionDate "2022.10.05"]
[SourceQuality "1"]
[WhiteTeam "Blackthorne Russia"]
[BlackTeam "Guildford Castles"]
[WhiteTeamCountry "ENG"]
[BlackTeamCountry "ENG"]

1. d4 d5 2. c4 e6 3. Nf3 Nf6 4. g3 g6 5. Bg2 Bg7 6. 0-0 0-0 7. Qc2 h6 8. b3 b6 9. Ba3 Re8 10. Nc3 Bb7 11. Rfd1 c6 12. Ne5 Nbd7 13. e4 Bf8 14. Bxf8 Nxf8 15. Qd2 Kg7 16. Qf4 Qe7 17. Rac1 Rac8 18. Re1 dxe4 19. Nxe4 Nxe4 20. Bxe4 Red8 21. Qe3 f6 22. Nf3 c5 23. Rcd1 Bxe4 24. Qxe4 cxd4 25. Nxd4 Rd6 26. Nb5 Rdc6 27. h4 h5 28. Rd3 a6 29. Nd4 Rd6 30. Red1 Kf7 31. Nf3 Rxd3 32. Rxd3 Nd7 33. Qb7 Nc5 34. Ne5+ 1-0